000 00304nam a22001337a 4500
008 181011b xxu||||| |||| 00| 0 eng d
020 _a0312654715
041 _aeng
080 _a341
100 _a15
101 _aSHJ
245 _aPublic Management and Policy Analysis
_cBozeman, B
942 _2udc
_cBK
999 _c49456
_d49456